Parle '93, parallel architectures and languages Europe : 5th International PARLE Conference, Munich, Germany, June 14-17, 1993 : proceedings /

Saved in:
Bibliographic Details
Corporate Author: International PARLE Conference Munich, Germany
Other Authors: Bode, Arndt, Wolf, Gottfried, Reeve, Mike
Format: Conference Proceeding Book
Language:English
Published: Berlin ; New York : Springer-Verlag, c1993.
Series:Lecture notes in computer science ; 694.
Subjects:
LEADER 01468nam a2200337 a 4500
001 c000162419
003 CARM
005 19931221000000.0
008 930726s1993 ge a b 101 0 eng
010 |a 93187807 
019 1 |a 10245795  |z 25046581  |5 LACONCORD2021 
020 |a 0387568913  |b (New York : acid-free paper) 
020 |a 3540568913  |b (Berlin : acid-free paper) 
035 |a (OCoLC)28444801  |5 LACONCORD2021 
040 |a LC  |b eng  |c LC  |d LC 
050 0 0 |a QA76.58  |b .I564 1993 
082 0 0 |a 004/.35  |2 20 
111 2 |a International PARLE Conference  |n (5th :,  |d 1993 :  |c Munich, Germany) 
245 1 0 |a Parle '93, parallel architectures and languages Europe :  |b 5th International PARLE Conference, Munich, Germany, June 14-17, 1993 : proceedings /  |c Arndt Bode, Mike Reeve, Gottfried Wolf, eds. 
260 |a Berlin ;  |a New York :  |b Springer-Verlag,  |c c1993. 
300 |a xvii, 770 p. :  |b ill. ;  |c 23 cm. 
440 0 |a Lecture notes in computer science ;  |v 694. 
504 |a Includes bibliographical references and index. 
650 0 |a Parallel processing (Electronic computers)  |v Congresses. 
650 0 |a Computer architecture  |v Congresses. 
700 1 |a Bode, Arndt. 
700 1 |a Wolf, Gottfried. 
700 1 |a Reeve, Mike. 
852 8 |b CARM  |h A2:AM07E0  |i C05495  |p 0214384  |f BK 
999 f f |i 8ead3aba-c2f2-5075-b20b-ab841188e6a0  |s d0e94154-376a-5d8d-866e-3e5d660f5d2a 
952 f f |p Can circulate  |a CAVAL  |b CAVAL  |c CAVAL  |d CARM 1 Store  |e C05495  |f A2:AM07E0  |h Other scheme  |i book  |m 0214384